Rozdiely v ponímaní kvality života u zamestnaných a nezamestnaných jedincov

Enregistré dans:
Détails bibliographiques
Auteur principal: Bašistová, Alena
Autres auteurs: Ľapinová, Alena
Format: Chapitre de livre
Langue:slovaque
Tags: Ajouter un tag
Pas de tags, Soyez le premier à ajouter un tag!

MARC

LEADER 00000naa$a2200000$$$4500
001 0091939
005 20240502083233.7
041 0 |a slo 
044 |a CZ 
245 1 0 |a Rozdiely v ponímaní kvality života u zamestnaných a nezamestnaných jedincov  |c Alena Bašistová, Alena Ľapinová 
100 1 |a Bašistová, Alena 
700 1 |a Ľapinová, Alena